| 000 | 00508 a2200193 4500 | ||
|---|---|---|---|
| 005 | 20260209164449.0 | ||
| 008 | 260209b |||||||| |||| 00| 0 eng d | ||
| 020 |
_a9789362243034 _cRs. 2400.00 |
||
| 040 | _aMAIN | ||
| 082 |
_a363.258 _bS23F |
||
| 100 | _aSharma, Karan | ||
| 245 | _aForensic ballistics | ||
| 260 |
_bDiscovery Publishing House _c2025 _aNew Delhi |
||
| 300 | _av, 235 | ||
| 650 | _aForensic Science | ||
| 650 | _aCrimes Against Person | ||
| 650 | _aFireams-Ballistics | ||
| 942 | _cBK | ||
| 999 |
_c394378 _d394378 |
||